00675nam a2200241 a 4500001001300000003000900013005001700022008004100039020000900080082001600089100002400105245002400129260003500153300000900188500003500197505001300232650001900245700002400264902000800288942000700296952011500303999001500418nice12345678IN_TiNIC20260116012701.0050524s1975 newa grp 000 0 per  ac2200a891.51bBAD aBadayuni, Zia Ahmed aMasalik Woh Manazil aNew DelhibMaktaba Jamiac1975 a381p aincludes index and biblioraphy2 aAppendex aPersian Poetry1 aBadayuni, Zia Ahmed bSRS cBK 001040708StackRoom-aHMIbHMId2007-06-01g22.00l0o891.51 BADp011349r2007-06-01v22.00w2005-05-24yBK c7935d7935